000 00813nam a2200229 a 4500
001 18733
003 CO-ViMGA
008 141112s2004 ck r 000 u spa d
020 _a9586824527
040 _aCO-ViMGA
_bspa
_cCO-ViMGA
082 0 4 _a658.022 H424
100 1 _aHicks, Douglas
_926694
245 1 0 _aEl sistema de costos basado en las actividades (ABC) :
_bguia para su implantación en las pequeñas y medianas empresas
260 _aMexico :
_bAlfaomega; 1998
300 _a297 p.
505 _aFundamentos y evolución del sistema de costos Sistemas de costos disfuncional Flujo de costos Planificación Toma de decisiones
590 _aForma de adquisición : Premio Min - cultura
650 1 4 _aANALISIS DE COSTOS
_97190
650 1 4 _aCOSTOS
_98212
650 1 4 _aPYMES
_926695
942 _2ddc
_cBK
999 _c27965
_d27965